Fihristī az tārīkh-i Īrān. (Record no. 50691)

MARC details
000 -LEADER
fixed length control field 00615cam a22002411 4500
001 - CONTROL NUMBER
control field ne 68003095
003 - CONTROL NUMBER IDENTIFIER
control field DLC
005 - DATE AND TIME OF LATEST TRANSACTION
control field 20260227111845.0
008 - FIXED-LENGTH DATA ELEMENTS--GENERAL INFORMATION
fixed length control field 890402s1961 xx b 000 0 per
010 ## - LIBRARY OF CONGRESS CONTROL NUMBER
LC control number ne 68003095
035 ## - SYSTEM CONTROL NUMBER
System control number (OCoLC)23555051
040 ## - CATALOGING SOURCE
Original cataloging agency DLC
Transcribing agency MiU
Modifying agency DLC
042 ## - AUTHENTICATION CODE
Authentication code premarc
043 ## - GEOGRAPHIC AREA CODE
Geographic area code a-ir---
050 00 - LIBRARY OF CONGRESS CALL NUMBER
Classification number DS270
Item number .M8
100 1# - MAIN ENTRY--PERSONAL NAME
Personal name Muqtadir, Ghulām Ḥusayn.
245 10 - TITLE STATEMENT
Title Fihristī az tārīkh-i Īrān.
260 ## - PUBLICATION, DISTRIBUTION, ETC.
Date of publication, distribution, etc. [1961 or 2]
300 ## - PHYSICAL DESCRIPTION
Extent 4, 136 p.
Other physical details maps.
Dimensions 23 cm.
500 ## - GENERAL NOTE
General note Romanized.
651 #0 - SUBJECT ADDED ENTRY--GEOGRAPHIC NAME
Geographic name Iran
General subdivision Kings and rulers.
651 #0 - SUBJECT ADDED ENTRY--GEOGRAPHIC NAME
Geographic name Iran
General subdivision History
-- Chronology.

No items available.

Powered by Koha